000 00370nam a2200169Ia 4500
001 3247
005 20260306144907.0
008 260306t9999||||xx |||||||||||||| ||spa||
041 _aESP
082 _a262.91
_bJ81C 2003
100 _aJuan Pablo II
_eAUT
245 0 _aCentesimus annus
300 _a
_c
650 _aGEN
654 _aCHU
942 _cLIB
_dJUS
_fJUS
_2ddc
_n
999 _c3247
_d3247